<?xml version="1.0" encoding="UTF-8"?>
<collection xmlns="http://www.loc.gov/MARC21/slim">
 <record>
  <leader>00696cam a2200169 7i4500</leader>
  <controlfield tag="001">0000136264</controlfield>
  <controlfield tag="005">20100216090000.0</controlfield>
  <controlfield tag="002">  0000001330</controlfield>
  <datafield tag="090" ind1="0" ind2="0">
   <subfield code="a">LP 17 FST 5 2001 </subfield>
  </datafield>
  <datafield tag="100" ind1="0" ind2="#">
   <subfield code="a">Teh Siew Bee </subfield>
  </datafield>
  <datafield tag="235" ind1="0" ind2="0">
   <subfield code="a">Effect of particle size of marine sediment on hydrocarbon </subfield>
   <subfield code="c">Teh Siew Bee.</subfield>
  </datafield>
  <datafield tag="245" ind1="0" ind2="0">
   <subfield code="a">Project Report FST (Degree of Bachelor of Science (Honours) Chemistry)2001.</subfield>
  </datafield>
  <datafield tag="260" ind1="#" ind2="#">
   <subfield code="a">Terengganu: </subfield>
   <subfield code="b">Kolej Universiti Terengganu (UPMT), </subfield>
   <subfield code="c">2001.</subfield>
  </datafield>
  <datafield tag="300" ind1=" " ind2=" ">
   <subfield code="a">xiii, 66 p.: </subfield>
   <subfield code="b">col.ill.; </subfield>
   <subfield code="c">30 cm..</subfield>
  </datafield>
  <datafield tag="502" ind1="#" ind2="#">
   <subfield code="a">A study on the adsorption of water-soluble-fraction (WSF) of crude oil on marine sediment was conducted</subfield>
  </datafield>
  <datafield tag="602" ind1="#" ind2="#">
   <subfield code="a">Laporan Projek FST 2001</subfield>
  </datafield>
  <datafield tag="999" ind1=" " ind2=" ">
   <subfield code="a">1100024749</subfield>
   <subfield code="b">Book</subfield>
   <subfield code="c">LAPORAN PROJEK</subfield>
   <subfield code="e">BILIK ARKIB</subfield>
  </datafield>
 </record>
</collection>
